| 000 | 01956cam a22005174i 4500 | ||
|---|---|---|---|
| 003 | PE-LiUPU | ||
| 005 | 20250731184512.0 | ||
| 008 | 150617s r 000 0 d | ||
| 020 | _a8427116144 | ||
| 035 | _a(Sirsi) i9788427116146 | ||
| 040 |
_aPE-LiUPU _bspa _cPE-LiUPU _erda |
||
| 049 | _aPRUA | ||
| 082 | 0 | 4 |
_a910.39025 _bM/ M79E _221 |
| 100 | 1 |
_aMorin, Etienne, _eautor. |
|
| 245 | 1 | 4 |
_aUna capital musulmana bajo Soliman el magnifico; Estambul / _cEtienne Morin. |
| 264 | 1 |
_aBilbao : _bEdiciones Mensajero, _c[198 ]. |
|
| 300 |
_a61 páginas ; _c28 centímetros |
||
| 336 |
_atext _2rdacontent |
||
| 337 |
_aunmediated _2rdamedia |
||
| 338 |
_avolume _2rdacarrier |
||
| 490 | 0 | _aEdiciones Mensajero | |
| 505 | 0 | _aUna ciudad milenaria -- El cuerno de oro -- Las capitulaciones -- El gran bazar -- Pequeños edificios en el corazón de la ciudad -- Calles animadas y casas tranquilas -- Mezquitas maravillosas -- El palacio del gran señor -- Fiestas excepcionales. | |
| 526 | _aP136 | ||
| 526 | _aP135 | ||
| 526 | _aP134 | ||
| 526 | _aP133 | ||
| 526 | _aP144 | ||
| 526 | _aP143 | ||
| 526 | _aP87 | ||
| 526 | _aP35 | ||
| 526 | _aP20 | ||
| 526 | _aP14 | ||
| 526 | _aP10 | ||
| 526 | _aP06 | ||
| 650 | 0 | 4 |
_aEstambul (Turquía) _xHistoria _ySiglo XVI. |
| 650 | 0 | 4 |
_aEstambul (Turquía) _xUsos y costumbres. |
| 650 | 0 | 4 |
_aEstambul (Turquía) _xDescripciones _vLibros infantiles. |
| 650 | 0 | 4 |
_aTurquía _xHistoria _y1288-1918 (Imperio otomano). |
| 910 |
_ajck _bjvq _cjck _d20150616 |
||
| 942 |
_2ddc _cBOOK |
||
| 949 |
_a910.39025 M/ M79E _wDEWEY _c1 _i36023 _lCCODEBUL1 _mBUL _r0 _sY _tBOOK _u2015-6-17 _xEDUCACION _zUNKNOWN _0COMPRA _o.STAFF. Colección General |
||
| 994 |
_aC0 _bPEPRU |
||
| 596 | _a1 | ||
| 999 |
_a910.39025 M/ M79E _wDEWEY _c13637 _i36023 _f2021-11-8 _g5 _lCCODEBUL1 _mBUL _r0 _sY _tBOOK _u2015-6-17 _xBIBLIOTECA _zUNKNOWN _0COMPRA _o.STAFF. Colección General _d13637 |
||
| 980 |
_81 _gALBERTO SANCHEZ Responsable de Automatización |
||